000 00788nam a2200217Ia 4500
001 13707
003 GE_BSU
008 181216s||||||||xx |||||||||||||| ||und||
040 _cGE_BSU
080 _a658.014(075.8)
100 _aКозлова,О.В. Александров,Л.А. Саркисов,А.М. и др.
245 _aОрганизация управления промышленным производством.
245 _bУчебник.
245 _cПод ред. О.В.Козловой, С.Е.Каменицера.
260 _aМ.
260 _bВысш. школа.
260 _c1980.
300 _a399 стр. 22 см. с илл.
653 _aОрганизация управления промышленным производством.
942 _cBK
999 _c46855
_d46855